000 00272nam a22001097a 4500
008 240711b |||||||| |||| 00| 0 eng d
100 _aSunder, Kashmatrai
_916879
245 _aMohhabat Ji Manzil
260 _bBharat Jivan:
_c1968.
_aBombay;
300 _a112p.
942 _cBK
999 _c40017
_d40017